000 00456nam a2200205Ia 4500
001 12601
003 GE_BSU
008 181216s||||||||xx |||||||||||||| ||und||
020 _a978330448444
040 _cGE_BSU
080 _a821.111-32
100 _aMorton,Kate.
245 4 _aThe House at Riverton.
260 _aGreat Britain.
260 _bPan Books.
260 _c2006
300 _a600p;20cm.
653 _aThe House at Riverton.
942 _cBK
999 _c45774
_d45774